000
00329nam a2200145Ia 4500
100
_a
I.T.B Module H 25
942
_c
BK
654
_a
Mechanical Fifting
245
_a
Mechanical Fifting
260
_b
Engineering Industry Trq.Board
_a
England
_c
1982
082
_a
621
_b
ITB
300
_a
153
546
_a
ENGLISH
999
_c
23867
_d
23867